00561nmm a2200169Ia 4500008004100000020001800041041000800059100002600067245007600093264008400169300001800253490003200271650001300303856005100316942000700367999001700374251105s9999||||xx |||||||||||||||||und|| a9788437096452 aspa aFerrer Soria, Antonio 0aFísica nuclear y de partículas (3ª Edición corregida y ampliada) a[Madrid, España] :bPublicaciones de la Universidad de Valencia (PUV), c2015 a521 páginas aEducació. Serie materials aSciences uhttps://public.digitaliapublishing.com/a/38884 cCF c82680d82680